| 000 | 00481nam a2200169Ia 4500 | ||
|---|---|---|---|
| 999 |
_c36334 _d36334 |
||
| 003 | OSt | ||
| 005 | 20201209100154.0 | ||
| 008 | 190216s9999||||xx |||||||||||||| ||und|| | ||
| 020 | _a8185392757 | ||
| 040 | _coclc | ||
| 082 |
_a070.43 _bMEN/B |
||
| 100 |
_aMencher, Melvin _97307 |
||
| 245 | 0 |
_aBasic News Writing / _cMelvin Mencher |
|
| 260 |
_bUniversal Bookstall, _c1996. _aNewdelhi: |
||
| 300 | _a430p | ||
| 942 |
_cREF _2ddc _h070.43 _iMEN/B _k070.43 _mMEN/B |
||